00732nam a2200205Ia 4500003000900000008004100009040001600050080002000066245013500086260003500221300001000256500002600266650004100292650001900333650002900352700002700381942000700408999001500415952009600430IN-BaIIA211028s9999 xx 000 0 eng d cIIA Library a524.6(042)bBOK 0aTen lectures on the kinematics and dynamics of our galaxycedited by B. J. Bok  aLong IslandbStony Brookc1968 a197p. aDonated by Mrs. Bappu aAstronomy and Astrophysics Thesaurus aGalaxies91286 aMilky Way Galaxies93505 aBok, B. J., ed.912681 cBK c7422d7422 00104070aBANbBANcGENd1983-07-06l0o524.6(042)/ BOKp8231r2021-11-05w1983-07-06yBK